The Dixie frontier : (Record no. 27331)
[ view plain ]
| 000 -LEADER | |
|---|---|
| fixed length control field | 00956nam a2200265u 4500 |
| 001 - CONTROL NUMBER | |
| control field | 27331 |
| 003 - CONTROL NUMBER IDENTIFIER | |
| rucl marc code | BD-RjUL |
| 005 - DATE AND TIME OF LATEST TRANSACTION | |
| control field | 20211209051136.0 |
| 008 - FIXED-LENGTH DATA ELEMENTS--GENERAL INFORMATION | |
| fixed length control field | 140325t19641948nyu 001 0 eng |
| 035 ## - SYSTEM CONTROL NUMBER | |
| System control number | (BD-RjUL)27404 |
| 040 ## - CATALOGING SOURCE | |
| Original cataloging agency | DLC |
| Transcribing agency | CarP |
| Modifying agency | DLC |
| -- | BD-RjUL |
| Language of cataloging | eng |
| 041 ## - LANGUAGE CODE | |
| Language code of text/sound track or separate title | eng |
| 082 ## - DEWEY DECIMAL CLASSIFICATION NUMBER | |
| Classification number | 975.44 |
| Author mark and year | DID 1964 |
| 100 1# - MAIN ENTRY--PERSONAL NAME | |
| Personal name | Dick, Everett Newfon, |
| Dates associated with a name | 1898- [from old catalog] |
| 9 (RLIN) | 83928 |
| 245 14 - TITLE STATEMENT | |
| Title | The Dixie frontier : |
| Remainder of title | a social history of the southern frontier from the first transmontane beginnings to the Civil War / |
| Statement of responsibility, etc. | by Everett Dick. |
| 250 ## - EDITION STATEMENT | |
| Edition statement | Capricorn books ed. |
| 260 ## - PUBLICATION, DISTRIBUTION, ETC. (IMPRINT) | |
| Place of publication, distribution, etc. | New York : |
| Name of publisher, distributor, etc. | Capricorn, |
| Date of publication, distribution, etc. | c1948 [1964]. |
| 300 ## - PHYSICAL DESCRIPTION | |
| Pagination | xix, 374, xxv p. ; |
| Size | 22 cm. |
| 504 ## - BIBLIOGRAPHY, ETC. NOTE | |
| Bibliography, etc | Includes bibliographical references and index. |
| 650 #0 - SUBJECT ADDED ENTRY--TOPICAL TERM | |
| Topical term or geographic name as entry element | Frontier and pioneer life |
| Geographic subdivision | Southwest, Old. [from old catalog] |
| 9 (RLIN) | 83929 |
| 651 #0 - SUBJECT ADDED ENTRY--GEOGRAPHIC NAME | |
| Geographic name | Southwest, Old |
| General subdivision | History. [from old catalog] |
| 9 (RLIN) | 83930 |
| 942 ## - ADDED ENTRY ELEMENTS (KOHA) | |
| Source of classification or shelving scheme | Dewey Decimal Classification |
| Koha item type | Books |
| Lost status | Source of classification or shelving scheme | Damaged status | Not for loan | Collection code | Permanent Location | Current Location | Shelving location | Date acquired | Source of acquisition | Total Checkouts | Full call number | Date last seen | Copy number | Koha item type |
|---|---|---|---|---|---|---|---|---|---|---|---|---|---|---|
| Dewey Decimal Classification | Added to bundle | Non-fiction | Central Library, University of Rajshahi | Central Library, University of Rajshahi | Reading Room | 26/02/1985 | Heffer & Sons | 975.44 DID 1964 | 25/03/2014 | C-1 | Books |